Application development for distributed environments (Record no. 182461)

MARC details
000 -LEADER
fixed length control field 00427nam a2200157Ia 4500
005 - DATE AND TIME OF LATEST TRANSACTION
control field 20250429102931.0
008 - FIXED-LENGTH DATA ELEMENTS--GENERAL INFORMATION
fixed length control field 231217s9999 xx 000 0 und d
020 ## - INTERNATIONAL STANDARD BOOK NUMBER
International Standard Book Number 9780070167339
082 ## - DEWEY DECIMAL CLASSIFICATION NUMBER
Classification number 005.26 DEW;1 R
100 ## - MAIN ENTRY--PERSONAL NAME
Personal name Dewire, Dawna Travis.
245 #0 - TITLE STATEMENT
Title Application development for distributed environments
260 ## - PUBLICATION, DISTRIBUTION, ETC. (IMPRINT)
Date of publication, distribution, etc. 1994
Name of publisher, distributor, etc. Mcgraw Hill
Place of publication, distribution, etc. New York
300 ## - PHYSICAL DESCRIPTION
Extent xxiii+298
650 ## - SUBJECT ADDED ENTRY--TOPICAL TERM
Topical term or geographic name as entry element environments
942 ## - ADDED ENTRY ELEMENTS (KOHA)
Koha item type Books
Holdings
Date last seen Total Checkouts Full call number Accession number Old discount Price effective from Category Lost status Damaged status Department Withdrawn status bill date Permanent Location Current Location Shelving location Entry date Vendor Grants Currency symbol Conversion rate Discount Discount type
26/01/2024   005.26 DEW;1 R 53099   26/01/2024 Books     Central Library   26/07/2012 Central Library Central Library Library Annex   Publisher DONATED RS 1   Rupees

© For any Suggestions or Query, please contact the library staff @ librarian@pes.edu or Phone: +9180 2672 1983/ 2108.